| 000 | 00460nam a2200169Ia 4500 | ||
|---|---|---|---|
| 001 | 24684 | ||
| 003 | IN-NITTTR | ||
| 005 | 20251114233315.0 | ||
| 008 | 251113s9999||||xx |||||||||||||| ||eng|| | ||
| 040 | _beng | ||
| 040 | _cIN-NITTTR | ||
| 041 | _aeng | ||
| 082 | _a620.1367 C34A | ||
| 100 | _aChakrabarty, Manas Kumar | ||
| 245 | 0 |
_aAssessment of in-situ strengtii of concrete through non-destructive testing. / _cChakrabarty, Manas Kumar |
|
| 942 |
_2ddc _cBK |
||
| 999 |
_c27313 _d27313 |
||